Statistiken für Meist zugelassene Fahrzeuge 2022

Klicken Sie hier um das Quiz zu spielen!

Allgemein

  • Dieses Quiz wurde 81 mal gespielt
    (70 seit der letzten Aktualisierung)
  • Das Durchschnittsergebnis liegt bei 35 aus 99

Antwortstatistiken

HintAntwort% Korrekt
VWGolf
95%
VWPolo
83%
AudiA3
81%
AudiA4
81%
AudiA6
81%
AudiA5
79%
AudiA1
78%
AudiA2
78%
AudiA8
71%
VWPassat
71%
Mazda2
67%
SeatIbiza
63%
BMW3er
62%
Fiat500
62%
MercedesA Klasse
62%
MercedesC Klasse
60%
FordFocus
60%
BMW1er
57%
BMW5er
57%
OpelCorsa
56%
FordFiesta
56%
BMWi3
54%
SeatLeon
54%
OpelAstra
52%
SkodaFabia
52%
SkodaOctavia
52%
VWUp
52%
BMW2er
49%
MercedesE Klasse
49%
BMW7er
48%
CitroënC3
48%
SuzukiSwift
48%
RenaultClio
44%
CitroënC1
43%
CitroënC2
43%
CitroënC5
43%
TeslaModel Y
43%
Hyundaii30
41%
TeslaModel 3
41%
SmartFortwo
40%
Hyundaii10
40%
Hyundaii20
40%
MercedesS Klasse
40%
AudiQ8
38%
RenaultTwingo
35%
VWID
33%
FordMondeo
33%
FiatPanda
33%
VWT-Roc
33%
SmartForfour
32%
SkodaSuperb
32%
Peugeot308
29%
OpelAdam
29%
RenaultMegane
29%
BMWX1
29%
ToyotaYaris
29%
DaciaSandero
27%
ToyotaCorolla
25%
Peugeot206
24%
Peugeot207
24%
Peugeot208
24%
OpelInsignia
24%
OpelMokka
24%
MiniMini
21%
NissanQashqai
21%
VWT-Cross
21%
VWArteon
17%
CupraFormentor
17%
FordKuga
17%
NissanMicra
17%
KiaSportage
17%
PorscheTaycan
17%
RenaultZOE
17%
RenaultCaptur
16%
Peugeot108
14%
ToyotaAygo
14%
SeatMii
14%
KiaCeed
13%
HyundaiIoniq
13%
HyundaiKona
13%
SeatAteca
11%
HondaJazz
11%
VolvoV90
11%
MercedesGLK
10%
DaciaSpring
10%
NissanJuke
8%
SkodaKaroq
8%
SeatArona
6%
MitsubishiSpace Star
6%
VWTaigo
6%
HyundaiTucson
6%
MitsubishiEclipse
5%
KiaPicanto
5%
FordPuma
5%
KiaRio
5%
VolvoS90
5%
OpelCrossland
3%
CitroënDS3
2%
SuzukiIgnis
2%

Verteilung der Resultate

Perzentil nach korrekt beantworteten Fragen

Anzahl Personen mit jedem Resultat

Ihre Resultats-Entwicklung

Sie haben dieses Quiz seit der letzten Aktualisierung nicht gespielt